[Event "Cardiff v White Knights WCPL Open"]
[Site "?"]
[Date "2023.03.12"]
[Round "2.5"]
[White "Hewitt, William"]
[Black "Vikova, Anezka"]
[Result "1-0"]
[WhiteElo "1982"]
[BlackElo "2071"]
[PlyCount "101"]
[EventDate "2023.??.??"]
[WhiteTeam "White Knights"]
[BlackTeam "Cardiff"]

1. e4 e6 2. d3 d5 3. Nd2 c5 4. Ngf3 Nf6 5. g3 Nc6 6. Bg2 Be7 7. O-O O-O 8. Re1 Qc7 9. e5 Nd7 10. Qe2 f6 11. exf6 Nxf6 12. c3 Bd7 13. c4 Rae8 14. a3 Ng4 15. h3 Nh6 16. Nf1 Nf5 17. Be3 dxc4 18. dxc4 e5 19. N3d2 Nfd4 20. Qd3 Bf5 21. Ne4 Rd8 22. Qc3 a6 23. Nfd2 Qc8 24. Kh2 b5 25. cxb5 axb5 26. Nxc5 Nc2 27. Nde4 Nxe1 28. Rxe1 Nd4 29. b4 Bxh3 30. Bxh3 Nf3+ 31. Kg2 Nxe1+ 32. Qxe1 Qa8 33. Kh2 Kh8 34. Bf1 Rf5 35. Bxb5 Qxa3 36. Bf1 Rh5+ 37. Kg2 Bxc5 38. Bxc5 Qb3 39. Qe2 Qf7 40. Nd6 Qg6 41. Qd3 Rxd6 42. Qxd6 Qe4+ 43. f3 Qc2+ 44. Bf2 Qc8 45. Bc5 Qh3+ 46. Kf2 Qh2+ 47. Ke3 h6 48. Qf8+ Kh7 49. Bd3+ g6 50. Qf7+ Kh8 51. Qf6+ 1-0

[Event "Cardiff v White Knights WCPL Open"]
[Site "?"]
[Date "2023.03.12"]
[Round "2.6"]
[White "Korovski, Georgi"]
[Black "Thomas, Mark"]
[Result "1/2-1/2"]
[WhiteElo "1841"]
[BlackElo "1916"]
[Annotator "Pete"]
[PlyCount "128"]
[EventDate "2023.??.??"]

1. d4 g6 2. e4 Bg7 3. Nf3 d6 4. Be3 Nf6 5. Nc3 a6 6. a4 Nc6 7. h3 e6 8. Qd2 h6 9. Nh2 Bd7 10. Be2 d5 11. e5 Ng8 12. Nb1 Qe7 13. Na3 f6 14. f4 Qf8 15. Ng4 Nge7 16. Nf2 Nf5 17. Bd3 fxe5 18. fxe5 Nb4 19. Bxf5 gxf5 20. c3 Nc6 21. Nd3 b6 22. g4 Na5 23. Qg2 Rg8 24. b4 Nc6 25. Rf1 Ne7 26. c4 Bc6 27. c5 Bxa4 28. cxb6 cxb6 29. Nc4 dxc4 30. Qxa8+ Kf7 31. Qxa6 cxd3 32. Rxa4 Qc8 33. Qxd3 Rd8 34. gxf5 Nxf5 35. Ra7+ Kg8 36. Rg1 Rd7 37. Rxd7 Qxd7 38. Kd2 Qd5 39. Re1 Qa2+ 40. Qc2 Qd5 41. Kc1 h5 42. Bf2 Qf3 43. Kb1 Qd5 44. Rd1 Bf8 45. Be1 Kf7 46. Bc3 Qf3 47. Rd3 Qd5 48. Bb2 Be7 49. Qd1 Kg6 50. Qg1+ Kh7 51. Ra3 Qb7 52. Qd1 Kg6 53. Qb3 Kf7 54. Qc4 b5 55. Qe2 Kg6 56. Qc2 Kf7 57. Qd2 Qe4+ 58. Qc2 Qh1+ 59. Bc1 Qd5 60. Ra7 Qxd4 61. Rc7 Qxb4+ 62. Bb2 Qe1+ 63. Qc1 Qe4+ 64. Qc2 Qe1+ 1/2-1/2

[Event "WCPL U-1850"]
[Site "Bridgend"]
[Date "2023.03.12"]
[Round "2.1"]
[White "Quinn, Peter"]
[Black "Buttell, David"]
[Result "1/2-1/2"]
[WhiteElo "1823"]
[BlackElo "1708"]
[Annotator "Home"]
[PlyCount "141"]
[EventDate "2023.03.12"]
[EventType "team-tourn"]
[EventCountry "WLS"]
[WhiteTeam "Cardiff Tigers"]
[BlackTeam "White Knights"]

{[%evp 0,141,39,20,69,47,88,88,62,69,53,19,59,51,49,24,37,26,15,24,74,56,60,71,71,-14,10,29,43,28,41,46,53,-9,-5,-1,-8,-1,-10,-16,-12,-14,26,9,8,4,15,30,30,47,44,45,89,80,88,99,99,101,101,94,94,98,98,98,113,115,115,126,120,138,141,133,105,140,143,144,138,138,137,129,137,79,91,123,120,129,129,144,154,152,159,167,183,181,192,154,154,174,173,173,176,174,174,174,174,176,163,186,186,139,198,186,116,106,115,104,128,123,123,123,115,122,115,115,115,71,83,40,5,45,0,0,0,0,0,0,0,0,0,0,0,0,0,0]} 1. e4 c5 2. Nf3 d6 3. d4 cxd4 4. Nxd4 Nf6 5. Nc3 g6 6. Be3 Bg7 7. f3 Nc6 8. Qd2 O-O 9. O-O-O d5 10. exd5 Nxd5 11. Nxc6 bxc6 12. Bd4 Nxc3 13. Qxc3 Bh6+ 14. Be3 Bxe3+ 15. Qxe3 Qb6 16. Qxb6 axb6 17. a3 Be6 18. Bd3 Rfd8 19. Be4 Bd5 20. Rhe1 Bxe4 21. Rxe4 Rxd1+ 22. Kxd1 Rd8+ 23. Ke2 e6 24. Rb4 b5 25. c4 Rd4 26. Ke3 e5 27. cxb5 Rxb4 28. axb4 cxb5 29. Ke4 f6 30. Kd5 Kf7 31. Kd6 h5 32. Kc6 Ke6 33. Kxb5 Kd5 34. Ka6 f5 35. b5 e4 36. fxe4+ fxe4 37. b6 e3 38. b7 e2 39. b8=Q e1=Q 40. Qd8+ Kc4 41. Qg8+ Kc5 42. Qc8+ Kb4 43. Qb7+ Kc5 44. Qc7+ Kd4 45. Qb6+ Kd3 46. Qxg6+ Kc4 47. Qc2+ Kb4 48. Qc6 Qe2+ 49. Kb6 Qe3+ 50. Kc7 Qe7+ 51. Qd7 Qc5+ 52. Kb7 Kb3 53. Qc6 Qe7+ 54. Kb6 Qe3+ 55. Ka6 Kxb2 56. Qb5+ Kc2 57. Qxh5 Qe6+ 58. Kb5 Qd7+ 59. Kc5 Qc7+ 60. Kd4 Qf4+ 61. Kd5 Qd2+ 62. Ke4 Qxg2+ 63. Ke3 Qd2+ 64. Ke4 Qd3+ 65. Kf4 Qd4+ 66. Kg5 Qd2+ 67. Kg6 Qd6+ 68. Kh7 Qc7+ 69. Kh6 Qf4+ 70. Kg6 Qd6+ 71. Kh7 1/2-1/2

[Event "WCPL U-1850"]
[Site "Bridgend"]
[Date "2023.03.12"]
[Round "2.2"]
[White "Daniel, Chris"]
[Black "Zedlmayer, Leon"]
[Result "0-1"]
[WhiteElo "1671"]
[BlackElo "1665"]
[Annotator "Home"]
[PlyCount "64"]
[EventDate "2023.03.12"]
[EventType "team-tourn"]
[EventCountry "WLS"]
[WhiteTeam "White Knights"]
[BlackTeam "Cardiff Tigers"]

{[%evp 0,64,39,25,26,-18,-11,-14,-18,-48,-10,-25,-7,-33,3,-1,-1,2,14,10,10,13,24,-5,-8,-6,11,-37,-58,-61,-72,-72,-78,-118,-133,-138,-144,-144,-122,-190,-190,-204,-145,-161,-173,-183,-163,-130,62,-5,-15,-217,-45,-81,-76,-42,-128,-156,-82,-327,-293,-293,-294,-295,-292,-298,-303]} 1. Nf3 Nf6 2. b3 d5 3. Bb2 Nc6 4. d3 Bf5 5. Nbd2 e6 6. Nh4 Bg4 7. h3 Bh5 8. g4 Bg6 9. Nxg6 hxg6 10. Bg2 Bc5 11. e4 Qe7 12. O-O O-O-O 13. a3 dxe4 14. Bxf6 gxf6 15. Nxe4 Bb6 16. Ng3 f5 17. gxf5 gxf5 18. Qf3 Rdg8 19. Rfe1 Qg5 20. Kf1 Rh4 21. Ne2 e5 22. Qg3 Qd8 23. Qf3 e4 24. Qxf5+ Kb8 25. Bxe4 Qd6 26. Bxc6 bxc6 27. Qf3 Rg6 28. d4 Qh2 29. Rad1 Rxh3 30. Qe4 Qh1+ 31. Qxh1 Rxh1+ 32. Ng1 Rgxg1+ 0-1

[Event "WCPL U-1850"]
[Site "Bridgend"]
[Date "2023.03.12"]
[Round "2.3"]
[White "Wagner, Guy"]
[Black "Prabhu, Vismith"]
[Result "1-0"]
[WhiteElo "1650"]
[BlackElo "1258"]
[Annotator "Home"]
[PlyCount "85"]
[EventDate "2023.03.12"]
[EventType "team-tourn"]
[EventCountry "WLS"]
[WhiteTeam "Cardiff Tigers"]
[BlackTeam "White Knights"]

{[%evp 0,85,39,-35,-15,-3,46,21,4,-3,-3,6,21,31,34,-11,8,-12,44,18,45,16,28,-27,14,6,13,18,54,-6,39,23,40,4,7,7,7,20,49,38,46,46,33,-40,-14,-22,-15,-29,44,44,50,60,64,68,124,120,117,124,300,150,208,206,327,285,310,316,494,475,625,373,596,499,517,501,713,579,579,510,554,557,1521,1573,1480,681,681,724,736,752]} 1. c4 Nf6 2. Nf3 g6 3. g3 Bg7 4. Bg2 O-O 5. O-O d6 6. Nc3 e5 7. d3 a6 8. Rb1 Nbd7 9. b4 Re8 10. Qc2 Rb8 11. b5 a5 12. Nd2 b6 13. Nb3 Nc5 14. Bg5 h6 15. Bd2 Be6 16. e4 Nfd7 17. Be3 f5 18. Nd5 Nf6 19. Nxc5 dxc5 20. Qe2 g5 21. f4 exf4 22. Nxf6+ Bxf6 23. gxf4 g4 24. e5 Bh4 25. Rbd1 Qe7 26. d4 Qf7 27. d5 Bc8 28. Bc1 g3 29. h3 Bf6 30. Bb2 Qe7 31. Qd3 Bg7 32. Rf3 Bb7 33. Rxg3 Kh8 34. Kh2 Rbd8 35. Rg1 Rg8 36. Bf3 c6 37. bxc6 Bxc6 38. Qc2 Bd7 39. e6 Bxb2 40. Qxb2+ Kh7 41. Rxg8 Rxg8 42. Rxg8 Kxg8 43. exd7 1-0

[Event "WCPL U-1850"]
[Site "Bridgend"]
[Date "2023.03.12"]
[Round "2.1"]
[White "James, Dai"]
[Black "Smith, Callum A"]
[Result "1/2-1/2"]
[WhiteElo "1848"]
[BlackElo "1764"]
[Annotator "Home"]
[PlyCount "57"]
[EventDate "2023.03.12"]
[EventType "team-tourn"]
[EventCountry "WLS"]
[WhiteTeam "The Full Ponty"]
[BlackTeam "Panthers and Friends"]

{[%evp 0,57,10,-42,-56,-44,-64,-45,-54,-55,-62,-49,-21,-51,-41,-29,-8,-17,-7,-61,-23,-27,20,4,59,59,66,-27,64,39,42,-4,-12,-45,-37,-28,14,0,30,16,39,13,5,15,78,97,116,45,33,33,39,33,39,33,39,32,44,52,66,66]} 1. b4 d5 2. Bb2 Nf6 3. Nf3 Bf5 4. e3 e6 5. b5 c5 6. c4 Nbd7 7. Be2 Be7 8. O-O O-O 9. Ne5 Qc7 10. f4 Bd6 11. Nxd7 Qxd7 12. g4 Bg6 13. h4 Bxb1 14. Rxb1 Ne4 15. d3 Ng3 16. Rf3 Nxe2+ 17. Qxe2 Rae8 18. e4 e5 19. f5 d4 20. Rbf1 f6 21. g5 fxg5 22. hxg5 g6 23. Qh2 gxf5 24. Rxf5 Rxf5 25. Rxf5 Re6 26. Qh3 Qe7 27. Kf2 Rg6 28. Bc1 Qd8 29. Bd2 1/2-1/2

[Event "WCPL U-1850"]
[Site "Bridgend"]
[Date "2023.03.12"]
[Round "2.2"]
[White "Smith, Ellison"]
[Black "Thomas, Roy"]
[Result "1-0"]
[WhiteElo "1775"]
[BlackElo "1810"]
[Annotator "Home"]
[PlyCount "41"]
[EventDate "2023.03.12"]
[EventType "team-tourn"]
[EventCountry "WLS"]
[WhiteTeam "Panthers and Friends"]
[BlackTeam "The Full Ponty"]

{[%evp 0,41,39,45,50,-5,11,15,18,20,10,20,7,33,86,24,26,27,27,34,66,35,51,25,3,21,98,103,138,139,126,41,75,73,247,465,638,654,678,678,29993,29994,29995,29990]} 1. e4 c5 2. c3 Nf6 3. e5 Nd5 4. d4 cxd4 5. Nf3 Nc6 6. cxd4 g6 7. Bc4 Nb6 8. Bb3 Bg7 9. Bf4 Na5 10. Nc3 Nxb3 11. Qxb3 O-O 12. O-O Kh8 13. a4 a5 14. Ng5 e6 15. Nce4 h6 16. Qh3 Kg8 17. Nf6+ Bxf6 18. Qxh6 Bxg5 19. Bxg5 f6 20. Qxg6+ Kh8 21. exf6 1-0

[Event "WCPL U-1850"]
[Site "Bridgend"]
[Date "2023.03.12"]
[Round "2.3"]
[White "Jeanes, Andrew"]
[Black "Szakmany, Bence"]
[Result "1/2-1/2"]
[WhiteElo "1583"]
[BlackElo "1700"]
[Annotator "Home"]
[PlyCount "73"]
[EventDate "2023.03.12"]
[EventType "team-tourn"]
[EventCountry "WLS"]
[WhiteTeam "The Full Ponty"]
[BlackTeam "Panthers and Friends"]

{[%evp 0,73,34,-9,-10,-12,3,-14,-3,28,39,18,35,23,23,27,50,37,44,2,-4,-4,0,-6,-11,-8,12,16,17,10,16,19,27,16,33,20,37,-27,-21,-20,-16,-11,-9,-22,-30,-23,-22,-7,-5,-6,0,-6,-2,-7,-8,-4,0,0,0,0,0,0,0,0,0,0,0,0,0,0,0,0,0,0,0,0]} 1. c4 Nf6 2. Nc3 e6 3. d4 Bb4 4. Bd2 O-O 5. e3 c5 6. a3 Bxc3 7. Bxc3 d6 8. dxc5 dxc5 9. Qxd8 Rxd8 10. Bxf6 gxf6 11. Be2 Nc6 12. Rd1 Rxd1+ 13. Kxd1 Bd7 14. Nf3 Rd8 15. Kc2 Kf8 16. Rd1 Ke7 17. g3 e5 18. e4 f5 19. Bd3 Kf6 20. exf5 Bxf5 21. Bxf5 Rxd1 22. Kxd1 Kxf5 23. Ke2 Na5 24. Nd2 Nc6 25. Ke3 b6 26. f3 Ke6 27. f4 Kf5 28. fxe5 Nxe5 29. h3 h5 30. b3 Nc6 31. Nf3 Na5 32. Nd2 Nc6 33. Nf3 Na5 34. Nd2 a6 35. b4 cxb4 36. axb4 Nc6 37. b5 1/2-1/2

[Event "WCPL U-1850"]
[Site "Bridgend"]
[Date "2023.03.12"]
[Round "2.4"]
[White "Smith, Alun"]
[Black "Esteves, Sergio"]
[Result "0-1"]
[WhiteElo "1714"]
[BlackElo "1332"]
[Annotator "Home"]
[PlyCount "94"]
[EventDate "2023.03.12"]
[EventType "team-tourn"]
[EventCountry "WLS"]
[WhiteTeam "Panther and Friends"]
[BlackTeam "The Full Ponty"]

{[%evp 0,94,39,43,48,36,29,27,32,15,31,47,43,22,39,0,37,11,14,9,7,10,6,-6,10,2,2,-4,2,3,-5,-16,-9,-16,-20,-5,33,-14,-26,0,-31,-37,-37,-19,0,-21,-2,-2,0,0,-2,0,39,-79,-61,-64,-93,-91,-52,-52,-75,-75,-75,-89,-31,-33,-30,-34,-27,-34,-31,-117,-58,-63,57,38,67,-66,-74,-66,-63,-53,-44,-288,-283,-349,-207,-241,-302,-387,-223,-240,-237,-234,-193,-473,-473]} 1. e4 e6 2. d4 d5 3. exd5 exd5 4. Bd3 Bd6 5. Nc3 c6 6. Nge2 Ne7 7. Bf4 Bf5 8. f3 Bxd3 9. Qxd3 Na6 10. O-O-O Nc7 11. Rde1 b5 12. Bxd6 Qxd6 13. g4 Ne6 14. h4 h5 15. Qe3 Kd7 16. Kb1 a5 17. Nc1 Ng6 18. Qf2 Ngf4 19. N3e2 a4 20. Nxf4 Nxf4 21. Qd2 Rae8 22. a3 Rxe1 23. Rxe1 hxg4 24. fxg4 Rxh4 25. Qe3 Ne6 26. Qf2 Rxg4 27. Qxf7+ Qe7 28. Qf5 Rxd4 29. Nd3 Re4 30. Rxe4 dxe4 31. Qxe4 Kc7 32. Nf4 Kd6 33. Qd3+ Kc7 34. Qe4 Kd7 35. Ng6 Qf6 36. Ne5+ Ke7 37. Nxc6+ Kd6 38. Nb4 Qf1+ 39. Ka2 Qc4+ 40. Qxc4 bxc4 41. b3 g5 42. bxc4 g4 43. Nd3 g3 44. Ne1 Kc5 45. Ng2 Kxc4 46. Kb2 Kd4 47. c3+ Kd3 0-1

[Event "WCPL Newport v White Knights"]
[Site "?"]
[Date "2023.04.16"]
[Round "3"]
[White "Varley, Peter"]
[Black "Kett, Tim"]
[Result "1/2-1/2"]
[WhiteElo "2232"]
[BlackElo "2220"]
[PlyCount "117"]
[EventDate "2023.??.??"]

1. d4 d5 2. c4 e6 3. Nc3 Nf6 4. cxd5 exd5 5. Bg5 Be7 6. e3 h6 7. Bh4 O-O 8. Bd3 c6 9. Nf3 Nbd7 10. Qc2 Re8 11. Bg3 Bf8 12. h3 b6 13. O-O Bb7 14. Rad1 Rc8 15. Qb1 a6 16. Ne5 Nxe5 17. dxe5 Nd7 18. f4 Bc5 19. Bf2 b5 20. b4 Bb6 21. Bf5 g6 22. Bxd7 Qxd7 23. Ne4 Qe7 24. Nf6+ Kg7 25. Nxe8+ Rxe8 26. e4 Bxf2+ 27. Rxf2 dxe4 28. Qxe4 c5 29. Qe3 cxb4 30. Rfd2 Qe6 31. Qd4 Qc4 32. Qxc4 bxc4 33. Rd4 Rc8 34. Rc1 b3 35. Rdxc4 bxa2 36. Rxc8 Bxc8 37. Ra1 Be6 38. Kf2 h5 39. g3 f6 40. Ke3 fxe5 41. fxe5 g5 42. Kd4 Kf7 43. Kc5 Ke7 44. h4 gxh4 45. gxh4 Bb3 46. Kb4 Bd5 47. Kc3 Ke6 48. Kd4 a5 49. Rg1 a4 50. Kc3 Kxe5 51. Kb2 Kf4 52. Rg5 Bf3 53. Ra5 Bd1 54. Rd5 Bg4 55. Ra5 Kg3 56. Kxa2 Bd1 57. Rxh5 Bxh5 58. Ka3 Kxh4 59. Kxa4 1/2-1/2

[Event "WCPL Newport v White Knights"]
[Site "?"]
[Date "2023.04.16"]
[Round "3"]
[White "Young, Alan"]
[Black "Blohm, Leslie"]
[Result "1-0"]
[WhiteElo "2092"]
[BlackElo "1971"]
[PlyCount "73"]
[EventDate "2023.??.??"]

1. e4 e6 2. d4 d5 3. Nc3 Nf6 4. Bg5 Bb4 5. e5 h6 6. Be3 Ne4 7. Qg4 Kf8 8. a3 Bxc3+ 9. bxc3 c5 10. Bd3 Nxc3 11. dxc5 Qa5 12. Bd2 Nc6 13. Ne2 Qa4 14. Qxa4 Nxa4 15. Bb5 Nb2 16. Rb1 Nc4 17. Bxc4 dxc4 18. Bc3 Ke7 19. O-O Rd8 20. Rfd1 Rxd1+ 21. Rxd1 Bd7 22. Ng3 b6 23. Ne4 bxc5 24. Nxc5 Be8 25. f4 Rb8 26. g4 Rb5 27. Ne4 Rd5 28. Rb1 Rd7 29. Nd6 f6 30. Nxc4 Rc7 31. Nd6 Bd7 32. Ba1 Na5 33. c4 Bc6 34. c5 Nb7 35. Bd4 Bd5 36. exf6+ gxf6 37. Bxf6+ 1-0

[Event "WCPL Newport v White Knights"]
[Site "?"]
[Date "2023.04.16"]
[Round "3"]
[White "Gibiec, Barbara"]
[Black "Pleasants, Allan"]
[Result "0-1"]
[WhiteElo "1929"]
[BlackElo "2048"]
[PlyCount "58"]
[EventDate "2023.??.??"]

1. d4 g6 2. Bg5 Bg7 3. c3 d6 4. e4 Nf6 5. Nd2 Nc6 6. Ngf3 O-O 7. h3 Qe8 8. Be2 e5 9. d5 Ne7 10. g4 Nd7 11. Nh4 f6 12. Be3 Rf7 13. Ndf3 Qf8 14. Qd2 a6 15. O-O-O b5 16. Rdg1 Bb7 17. Ne1 Rd8 18. Nhg2 c6 19. dxc6 Nxc6 20. f3 Nc5 21. c4 Rc7 22. cxb5 Nd4 23. Kb1 axb5 24. Bxd4 exd4 25. Bxb5 d5 26. exd5 Bxd5 27. Nd3 Bxa2+ 28. Kxa2 Ra8+ 29. Kb1 Nb3 0-1

[Event "WCPL Newport v White Knights"]
[Site "?"]
[Date "2023.04.16"]
[Round "3"]
[White "Garcia, Jason"]
[Black "Rovaretti, David"]
[Result "1-0"]
[WhiteElo "2048"]
[BlackElo "1706"]
[PlyCount "57"]
[EventDate "2023.??.??"]

1. Nf3 d6 2. d4 Nf6 3. g3 c6 4. Bg2 Bf5 5. O-O Nbd7 6. c4 e6 7. Nc3 Be7 8. b3 Ne4 9. Bb2 d5 10. Nd2 Ng5 11. h4 Ne4 12. Ndxe4 dxe4 13. Nxe4 Nf6 14. Nxf6+ Bxf6 15. e4 Bg6 16. h5 Qc7 17. hxg6 hxg6 18. e5 Be7 19. d5 exd5 20. cxd5 cxd5 21. Qxd5 Qc2 22. Qb5+ Kf8 23. Qxb7 Rd8 24. Rab1 g5 25. Qe4 Rd2 26. Qxc2 Rxc2 27. Rfc1 Rc5 28. Rxc5 Bxc5 29. Rc1 1-0

[Event "WCPL Newport v White Knights"]
[Site "?"]
[Date "2023.04.16"]
[Round "3"]
[White "Gibiec, Mateusz"]
[Black "May, Adam"]
[Result "0-1"]
[WhiteElo "1722"]
[BlackElo "1908"]
[PlyCount "50"]
[EventDate "2023.??.??"]

1. e4 c6 2. d4 d5 3. f3 Qb6 4. c3 e5 5. Qb3 Qxb3 6. axb3 dxe4 7. fxe4 exd4 8. cxd4 Nf6 9. Bd3 Be6 10. Bc2 Na6 11. Bd2 Bb4 12. Nf3 h6 13. Ra4 Be7 14. O-O O-O 15. Bc3 Nc7 16. Ne5 Nb5 17. Nd2 Ng4 18. Nxg4 Bxg4 19. Nf3 Bxf3 20. Rxf3 Rad8 21. Rg3 Rd7 22. d5 Nxc3 23. bxc3 cxd5 24. exd5 Rxd5 25. Rxa7 Bc5+ 0-1

[Event "WCPL Newport v White Knights"]
[Site "?"]
[Date "2023.04.16"]
[Round "3"]
[White "Thomas, Mark"]
[Black "Powell-Jones, Liam"]
[Result "0-1"]
[WhiteElo "1916"]
[BlackElo "1250"]
[PlyCount "84"]
[EventDate "2023.??.??"]

1. e4 c5 2. Nc3 d6 3. f4 Nc6 4. Nf3 e5 5. Bb5 Bg4 6. Bxc6+ bxc6 7. fxe5 dxe5 8. O-O Bd6 9. d3 Ne7 10. b3 O-O 11. Qe1 f5 12. Bb2 f4 13. Qf2 Bxf3 14. Qxf3 g5 15. Na4 Ng6 16. Ba3 Qe7 17. Qf2 Rab8 18. Bxc5 Bxc5 19. Qxc5 Qd7 20. Qc4+ Kh8 21. Nc5 Qg4 22. Qe6 Qe2 23. Rf2 Qe3 24. Qg4 Qxc5 25. Qxg5 Rg8 26. Qf6+ Rg7 27. h4 Rf8 28. Qg5 Qe7 29. Qxe7 Rxe7 30. h5 Nh4 31. b4 Rg8 32. Kf1 Reg7 33. Ke2 Rxg2 34. Raf1 Rxf2+ 35. Rxf2 Rg2 36. Rxg2 Nxg2 37. c3 Kg7 38. d4 Kf6 39. a4 Ne3 40. b5 cxb5 41. axb5 Nc4 42. h6 Nd6 0-1

[Event "WCPL Full Ponty v Abergavenny"]
[Site "?"]
[Date "2023.04.16"]
[Round "3"]
[White "Perrett, Dave"]
[Black "Saunders, Nigel"]
[Result "1/2-1/2"]
[WhiteElo "2026"]
[BlackElo "1960"]
[PlyCount "53"]
[EventDate "2023.??.??"]

1. d4 Nf6 2. Bg5 d6 3. Bxf6 gxf6 4. e3 Bf5 5. Bd3 Bxd3 6. Qxd3 c6 7. Nc3 Nd7 8. Nge2 e6 9. f4 f5 10. e4 fxe4 11. Qxe4 Nf6 12. Qf3 Qa5 13. f5 Qxf5 14. Qxf5 exf5 15. O-O Bg7 16. Ng3 Ne4 17. Nxf5 Nxc3 18. Nxd6+ Kd7 19. Rxf7+ Kxd6 20. Rxg7 Ne2+ 21. Kf2 Nxd4 22. Rd1 c5 23. c3 Rhf8+ 24. Kg1 Kc6 25. cxd4 cxd4 26. Rxd4 Rad8 27. Rxd8 1/2-1/2

[Event "WCPL Full Ponty v Abergavenny"]
[Site "?"]
[Date "2023.04.16"]
[Round "3"]
[White "Miles, Richard"]
[Black "Davis, Lee"]
[Result "1/2-1/2"]
[WhiteElo "1965"]
[BlackElo "1944"]
[PlyCount "43"]
[EventDate "2023.??.??"]

1. d4 Nf6 2. c4 g6 3. Nc3 Bg7 4. e4 d6 5. Be2 O-O 6. Nf3 e5 7. O-O Nc6 8. d5 Ne7 9. Ne1 Nd7 10. Nd3 f5 11. exf5 gxf5 12. f4 e4 13. Nf2 Nc5 14. Be3 Ng6 15. Kh1 Qe7 16. Qd2 a5 17. g3 Rf7 18. Rg1 Bd7 19. b3 b6 20. h3 Re8 21. Kh2 Nb7 22. Rac1 1/2-1/2

[Event "WCPL Full Ponty v Abergavenny"]
[Site "?"]
[Date "2023.04.16"]
[Round "3"]
[White "Adams, Mark"]
[Black "Llewellyn, David"]
[Result "1-0"]
[WhiteElo "1968"]
[BlackElo "1956"]
[PlyCount "55"]
[EventDate "2023.??.??"]

1. e4 c5 2. Nf3 d6 3. d4 cxd4 4. Nxd4 Nf6 5. f3 e5 6. Nb3 d5 7. Bg5 Be6 8. Bxf6 gxf6 9. exd5 Qxd5 10. Qxd5 Bxd5 11. Nc3 Be6 12. O-O-O Nc6 13. Ne4 Bh6+ 14. Kb1 Ke7 15. Nbc5 Rhd8 16. Bd3 b6 17. Nxe6 fxe6 18. Ng3 f5 19. Bxf5 Rxd1+ 20. Rxd1 Rg8 21. Bh3 Bf4 22. Nf1 h5 23. g3 Bh6 24. c3 h4 25. Kc2 Rf8 26. Bg2 e4 27. f4 e5 28. Bxe4 1-0

[Event "WCPL Full Ponty v Abergavenny"]
[Site "?"]
[Date "2023.04.16"]
[Round "3"]
[White "Keene, Alan"]
[Black "James, Dai"]
[Result "1-0"]
[WhiteElo "1845"]
[BlackElo "1848"]
[PlyCount "87"]
[EventDate "2023.??.??"]

1. Nf3 f5 2. g3 Nf6 3. Bg2 g6 4. O-O Bg7 5. c4 d6 6. Nc3 e5 7. d3 O-O 8. Rb1 a5 9. a3 Na6 10. b4 axb4 11. axb4 Qe8 12. Bd2 h6 13. Qc2 g5 14. Na4 f4 15. b5 Nb8 16. Nc3 c6 17. Ne4 Qd8 18. Bb4 c5 19. Bc3 b6 20. Nfd2 Ra7 21. Ra1 Rxa1 22. Rxa1 Bg4 23. Nxf6+ Bxf6 24. Ne4 Be7 25. Ra7 fxg3 26. hxg3 Nd7 27. Qa2 Qe8 28. Rc7 Qh5 29. Qb2 Bh3 30. Rc6 Bxg2 31. Kxg2 Nf6 32. Nxf6+ Rxf6 33. Rxb6 g4 34. Rb8+ Kf7 35. Kg1 Qf5 36. e4 Qf3 37. Qd2 Rg6 38. Qe3 Qd1+ 39. Kg2 Bg5 40. Qe1 Qxd3 41. b6 Qxc4 42. b7 Qb5 43. Qd1 Qc6 44. Qd5+ 1-0

[Event "WCPL Full Ponty v Abergavenny"]
[Site "?"]
[Date "2023.04.16"]
[Round "3"]
[White "Wilmot, Daniel"]
[Black "Allford, Zane"]
[Result "1-0"]
[WhiteElo "1912"]
[BlackElo "1868"]
[PlyCount "45"]
[EventDate "2023.??.??"]

1. e4 e5 2. Nf3 Nf6 3. Nxe5 Nc6 4. Nxc6 dxc6 5. d3 Bc5 6. Be2 h5 7. c3 Ng4 8. d4 Bb6 9. a4 a5 10. Nd2 Qh4 11. g3 Qf6 12. O-O c5 13. Nc4 Ba7 14. e5 Qg6 15. d5 h4 16. e6 Nxh2 17. Ne5 Qf5 18. Nxf7 Nxf1 19. Nxh8 Nxg3 20. Bd3 Qh3 21. Bg6+ Ke7 22. Bg5+ Kd6 23. Nf7# 1-0

[Event "WCPL Full Ponty v Abergavenny"]
[Site "?"]
[Date "2023.04.16"]
[Round "3"]
[White "Dixon, Chris"]
[Black "Chong, Kimberly"]
[Result "1-0"]
[WhiteElo "1687"]
[BlackElo "1709"]
[PlyCount "87"]
[EventDate "2023.??.??"]

1. Nf3 d5 2. g3 Nf6 3. Bg2 Bf5 4. O-O e6 5. d3 h6 6. Nbd2 Bd6 7. Re1 e5 8. e4 dxe4 9. dxe4 Bh7 10. Nh4 Bc5 11. Nf5 O-O 12. Qe2 Nc6 13. c3 Ne7 14. Nxe7+ Qxe7 15. b4 Bb6 16. Nc4 Rfd8 17. Bb2 Bg6 18. Nxb6 axb6 19. a3 Rd6 20. Rad1 Rad8 21. Rxd6 Rxd6 22. c4 Qd7 23. Bc3 Rd3 24. Qc2 Bh5 25. h3 Bf3 26. Bxf3 Rxf3 27. Kg2 Rd3 28. Bxe5 Nh5 29. Re3 Rd2 30. Qb3 f5 31. Bc3 Rd3 32. c5+ Kh7 33. Qc4 Rxe3 34. fxe3 Qc6 35. Qd5 Qg6 36. Qxf5 bxc5 37. bxc5 Nf6 38. Bxf6 gxf6 39. Kf3 Kg7 40. Qxg6+ Kxg6 41. Kf4 c6 42. a4 h5 43. a5 Kg7 44. Kf5 1-0

[Event "WCPL U1850 Panthers v Cardiff Tigers"]
[Site "?"]
[Date "2023.04.16"]
[Round "3"]
[White "Smith, Ellison"]
[Black "Mba, Reginald"]
[Result "0-1"]
[WhiteElo "1775"]
[BlackElo "1811"]
[PlyCount "122"]
[EventDate "2023.??.??"]

1. e4 c6 2. d4 d5 3. Nc3 dxe4 4. Nxe4 Nf6 5. Nxf6+ exf6 6. Nf3 Bd6 7. Bd3 O-O 8. O-O Bg4 9. c3 Nd7 10. h3 Bh5 11. g4 Bg6 12. Nh4 Bxd3 13. Qxd3 g6 14. f4 Re8 15. Be3 Nf8 16. Rae1 Qa5 17. c4 Bb4 18. Ra1 Rad8 19. a3 Be7 20. Nf3 Ne6 21. f5 Ng7 22. fxg6 hxg6 23. Rad1 Qc7 24. Qd2 Ne6 25. Qf2 Nf4 26. Bxf4 Qxf4 27. c5 Rd7 28. Qd2 Qg3+ 29. Qg2 Qxg2+ 30. Kxg2 Bf8 31. Rde1 Rde7 32. Rxe7 Rxe7 33. Re1 Rxe1 34. Nxe1 Bh6 35. Kf3 Kf8 36. Nd3 Ke7 37. Nf4 f5 38. gxf5 gxf5 39. a4 a5 40. b3 Bg7 41. d5 cxd5 42. Nxd5+ Ke6 43. Nb6 Bc3 44. Ke3 Be1 45. Nc4 Kd5 46. Nd6 Kxc5 47. Nxb7+ Kb4 48. Kf4 Kxb3 49. Kxf5 Bc3 50. Nc5+ Kb4 51. Ne4 Bh8 52. Nd6 Kxa4 53. Nxf7 Bg7 54. Kg6 Bc3 55. h4 Kb4 56. h5 a4 57. Nd6 a3 58. h6 a2 59. Ne4 a1=Q 60. Nxc3 Qxc3 61. Kh7 Qf6 0-1

[Event "WCPL U1850 Panthers v Cardiff Tigers"]
[Site "?"]
[Date "2023.04.16"]
[Round "3"]
[White "Quinn, Peter"]
[Black "Szakmany, Bence"]
[Result "*"]
[WhiteElo "1823"]
[BlackElo "1700"]
[PlyCount "140"]
[EventDate "2023.??.??"]

1. e4 e5 2. Nf3 Nc6 3. Bb5 a6 4. Ba4 Nf6 5. O-O b5 6. Bb3 d6 7. c3 Be7 8. Re1 O-O 9. h3 Nb8 10. d4 Nbd7 11. Nbd2 Bb7 12. Bc2 Re8 13. Nf1 Bf8 14. Ng3 g6 15. a4 Nb6 16. a5 Nbd7 17. Bg5 h6 18. Bd2 exd4 19. cxd4 c5 20. e5 dxe5 21. dxc5 e4 22. Nh2 Nxc5 23. b4 Nd3 24. Bxd3 Qxd3 25. Re3 Qd5 26. Qe1 Rad8 27. Bc3 Bg7 28. Rc1 h5 29. Rc2 h4 30. Ne2 Nh5 31. Bxg7 Nxg7 32. f4 exf3 33. Rxe8+ Rxe8 34. Nxf3 Qd3 35. Qd2 Be4 36. Ned4 Qxd2 37. Rxd2 Bxf3 38. Nxf3 Nf5 39. Kf2 Re4 40. Rd8+ Kg7 41. Ra8 Rxb4 42. Rxa6 Rb2+ 43. Kf1 Ne3+ 44. Kg1 Rxg2+ 45. Kh1 Ra2 46. Nxh4 Nc4 47. Rc6 Nxa5 48. Ra6 Ra1+ 49. Kg2 Nb3 50. Rb6 Nd4 51. Kf2 Ra3 52. Rd6 Ne6 53. Nf3 b4 54. Nd2 Rxh3 55. Rb6 Rh2+ 56. Ke3 Rh4 57. Ne4 b3 58. Kd3 Rh3+ 59. Kc4 g5 60. Rxb3 Rxb3 61. Kxb3 Kg6 62. Kc3 f5 63. Nd2 g4 64. Kd3 Kg5 65. Ke3 Kh4 66. Ke2 Kh3 67. Kf2 Ng5 68. Nf1 f4 69. Kg1 g3 70. Nd2 f3 *